Picts and Britons in the early medieval Irish church : travels west over the storm-swelled sea /
Between the fifth and ninth centuries AD, the peoples of Britain, Ireland and their surrounding islands were constantly interacting, sharing cultures and ideas that shaped and reshaped their communities and the way they lived. The influence of religious figures from Ireland on the development of the...
| Main Author: | |
|---|---|
| Format: | Book |
| Language: | English Latin Irish |
| Language Notes: | English text with passages in Latin and Irish with parallel English translations from the Latin and Irish. |
| Published: |
Turnhout, Belgium :
Brepols,
[2020]
|
| Series: | North Atlantic World ;
v. 2. |
| Subjects: |
MARC
| Tag | First Indicator | Second Indicator | Subfields |
|---|---|---|---|
| LEADER | 00000cam a2200000 i 4500 | ||
| 001 | in00004426613 | ||
| 005 | 20211018100612.0 | ||
| 008 | 200920t20202020be ab b 001 0 eng d | ||
| 020 | |a 2503583474 | ||
| 020 | |a 9782503583471 | ||
| 035 | |a (OCoLC)on1196195255 | ||
| 040 | |a YDX |e rda |c YDX |d NJR |d PTS |d UAB |d PAU |d UtOrBLW | ||
| 041 | 1 | |a eng |a lat |a gle |h lat |h gle | |
| 043 | |a e-ie--- | ||
| 049 | |a TXAM | ||
| 050 | 4 | |a DA932 |b .P58 2020 | |
| 082 | 0 | |a 940.1 | |
| 100 | 1 | |a Plumb, Oisín, |e author. |0 http://id.loc.gov/authorities/names/no2020095654 | |
| 245 | 1 | 0 | |a Picts and Britons in the early medieval Irish church : |b travels west over the storm-swelled sea / |c Oisín Plumb. |
| 264 | 1 | |a Turnhout, Belgium : |b Brepols, |c [2020] | |
| 264 | 4 | |c ©2020 | |
| 300 | |a 202 pages : |b illustrations, map ; |c 24 cm. | ||
| 336 | |a text |b txt |2 rdacontent | ||
| 337 | |a unmediated |b n |2 rdamedia | ||
| 338 | |a volume |b nc |2 rdacarrier | ||
| 490 | 1 | |a The North Atlantic World : land and sea as cultural space, AD 400-1900 ; |v volume 2 | |
| 546 | |a English text with passages in Latin and Irish with parallel English translations from the Latin and Irish. | ||
| 504 | |a Includes bibliographical references (pages [169]-189) and index. | ||
| 505 | 0 | |a Ch. 1 |t Introduction to Migration -- |t Migration, Real and Imagined -- |t Non-Ecclesiastical Migration -- |t Ecclesiastical Migration from Irish- and English-speaking Northern Britain -- |g ch. 2 |t Introduction to the Sources -- |t Using the Sources -- |t The Annals -- |t The Martyrologies -- |t Hagiography -- |t Other Medieval Texts -- |t Later Texts -- |g ch. 3 |t The Early Church -- |t Introduction -- |t Mochta -- |t Relatives and Disciples of Patrick in the Book of Armagh -- |t Conclusions -- |g ch. 4 |t Uinniau -- |t The Evidence for Uinniau -- |t Finnian Comes Home? An Examination of Chapter IV of the `Pseudo-Cummine' Vita Columbae -- |g ch. 5 |t Seven Brothers -- |t Introduction -- |t Torannan -- |t Troscan -- |t Mo-Chullian -- |t Agatan -- |t Itharnaisc -- |t Eoganan -- |t Mo-Thrianoc -- |t Conclusions -- |g ch. 6 |t The Dynamics of Migration -- |t The Picts and the Columbans -- |t The Far-Northern Pictish Zone -- |t The Northern Britons -- |t Assessing the Dynamics of Migration -- |g ch. 7 |t The Development of the Migration Narrative -- |t The Portrayal of Northern British Migration in the Earliest Source Material -- |t The Development of the Irish Perspective -- |t The Development and Shaping of a Scottish Perspective -- |t Focused but not Forgotten: Conclusions on the Development of the Migration Narrative -- |g ch. 8 |t Conclusion. | |
| 520 | |a Between the fifth and ninth centuries AD, the peoples of Britain, Ireland and their surrounding islands were constantly interacting, sharing cultures and ideas that shaped and reshaped their communities and the way they lived. The influence of religious figures from Ireland on the development of the Church in Britain was profound, and the fame of monasteries such as Iona, which they established, remains to this day. Yet with the exception of St Patrick, far less attention has been paid to the role of the Britons and Picts who travelled west into Ireland, despite their equally significant impact. This book aims to redress the balance by offering a detailed exploration of the evidence for British and Pictish men and women in the early medieval Irish Church, and asking what we can piece together of their lives from the often fragmentary sources. It also considers the ways in which writers of later ages viewed these migrants, and examines how the shaping of the migration narrative, throughout the centuries had a major effect on the way that the earliest centuries of the church came to be viewed in later years in both Scotland and Ireland. In doing so, this volume offers important new insights into our understanding of the relationships between Britain and Ireland in this period. | ||
| 651 | 0 | |a Ireland |x Church history |y 600-1500. |0 http://id.loc.gov/authorities/subjects/sh85067968 | |
| 650 | 0 | |a Picts |x History |y To 1500. | |
| 650 | 0 | |a Britons |x History |y To 1500. | |
| 830 | 0 | |a North Atlantic World ; |v v. 2. |0 http://id.loc.gov/authorities/names/no2020129659 | |
| 945 | |b 909168 | ||
| 947 | |a A14851628132 | ||
| 948 | |a cataloged |b h |c 2021/6/25 |d c |e dmitchel |f 12:44:16 pm | ||
| 994 | |a 92 |b TXA | ||
| 999 | f | f | |s 075f44fd-4a2f-30fd-bef5-4d420d94cdaf |i a3e5bc3b-8264-3df7-8c39-75fd4259ba5c |t 0 |
| 952 | f | f | |p normal |a Texas A&M University |b College Station |c Sterling C. Evans Library |d Evans: Library Stacks |t 0 |e DA932 .P58 2020 |h Library of Congress classification |i unmediated -- volume |m A14851628132 |
| 998 | f | f | |a DA932 .P58 2020 |t 0 |l Evans: Library Stacks |